Home Print Resources E-Books E-Journals IIMT Lecture Series Library Membership Form Book Recommendation Form Campus Tour Take AdmissionAbout Us Contact Us

Programming with Java (Record no. 5311)

000 -LEADER
fixed length control field 00347nam a2200157Ia 4500
003 - CONTROL NUMBER IDENTIFIER
control field OSt
005 - DATE AND TIME OF LATEST TRANSACTION
control field 20231205041124.0
008 - FIXED-LENGTH DATA ELEMENTS--GENERAL INFORMATION
fixed length control field 170524s9999 xx 000 0 und d
020 ## - INTERNATIONAL STANDARD BOOK NUMBER
International Standard Book Number 9780070617131
040 ## - CATALOGING SOURCE
Transcribing agency IIMT UNIVERSITY
100 ## - MAIN ENTRY--PERSONAL NAME
Personal name Balagurusamy E
245 #0 - TITLE STATEMENT
Title Programming with Java
260 ## - PUBLICATION, DISTRIBUTION, ETC.
Name of publisher, distributor, etc. TMH
260 ## - PUBLICATION, DISTRIBUTION, ETC.
Date of publication, distribution, etc. 2007
942 ## - ADDED ENTRY ELEMENTS (KOHA)
Source of classification or shelving scheme
Koha item type Book Bank
Holdings
Withdrawn status Lost status Source of classification or shelving scheme Damaged status Not for loan Home library Current library Date acquired Total Checkouts Barcode Checked out Date last seen Date last checked out Uniform Resource Identifier Price effective from Koha item type Total Renewals
          IIMT University Central Library Meerut IIMT University Central Library Meerut 05/31/2017 2 01-B-43983 01/30/2024 11/07/2023 11/07/2023 COMPUTER SCIENCE 05/31/2017 Book Bank  
          IIMT University Central Library Meerut IIMT University Central Library Meerut 05/31/2017   01-B-43984   05/31/2017   COMPUTER SCIENCE 05/31/2017 Book Bank  
          IIMT University Central Library Meerut IIMT University Central Library Meerut 05/31/2017 2 01-B-43985   01/01/2025 10/09/2024 COMPUTER SCIENCE 05/31/2017 Book Bank  
          IIMT University Central Library Meerut IIMT University Central Library Meerut 05/31/2017 2 01-B-43986   06/10/2019 03/12/2019 COMPUTER SCIENCE 05/31/2017 Book Bank  
          IIMT University Central Library Meerut IIMT University Central Library Meerut 05/31/2017 3 01-B-43987   02/24/2023 02/04/2023 COMPUTER SCIENCE 05/31/2017 Book Bank  
          IIMT University Central Library Meerut IIMT University Central Library Meerut 05/31/2017 3 01-B-43988   08/11/2022 07/28/2022 COMPUTER SCIENCE 05/31/2017 Book Bank  
          IIMT University Central Library Meerut IIMT University Central Library Meerut 05/31/2017 2 01-B-43989   02/01/2025 11/06/2024 COMPUTER SCIENCE 05/31/2017 Book Bank  
          IIMT University Central Library Meerut IIMT University Central Library Meerut 05/31/2017 2 01-B-43990   10/26/2023 09/27/2023 COMPUTER SCIENCE 05/31/2017 Book Bank 1
          IIMT University Central Library Meerut IIMT University Central Library Meerut 05/31/2017 2 01-B-43991   06/12/2019 03/12/2019 COMPUTER SCIENCE 05/31/2017 Book Bank  
          IIMT University Central Library Meerut IIMT University Central Library Meerut 05/31/2017 3 01-B-43992   08/11/2022 07/28/2022 COMPUTER SCIENCE 05/31/2017 Book Bank  
IIMT, Central Library. All Rights Reserved IIMT,UNIVERSITY © 2023
Implemented and Customised by I CLOUDE EMS
You Are OPAC Visitor No
free web counter

Powered by Koha